000 00526nam a22001937a 4500
005 20171213121219.0
008 171213b xxu||||| |||| 00| 0 spa d
041 _aspa
082 _a972.86 A118m
100 _aAbarca Vázquez, Carlos
_945049
245 _aLos movimientos sociales en el desarrollo reciente de Costa Rica
260 _aCosta Rcia
260 _bEUNED
260 _c1992
650 _aCOSTA RICA
_945050
650 _aMOVIMIENTOS SOCIALES
_921921
650 _aCONDICIONES SOCIALES
_97538
942 _cBK
999 _c10143
_d10143